000
00213nam a2200097Ia 4500
008
190216s9999||||xx |||||||||||||| ||und||
100
_a
Malayatoor Ramakrishnan
245
0
_a
Anjucent
260
_b
Null
942
_c
BK
999
_c
25564
_d
25564